Adults learning /

Being a learner. What makes adults want to learn? How do adults learn? Giving feedback. Understanding your group. Teaching mixed ability groups. The first session. Lectures and demonstrations...

Shranjeno v:
Bibliografske podrobnosti
Glavni avtor: Rogers, Jennifer.
Format: Knjiga
Jezik:English
Izdano: Milton Keynes : Open University Press, 1989.
Izdaja:3rd ed.
Teme:
Oznake: Označite
Brez oznak, prvi označite!
Thư viện lưu trữ: Mạng thư viện Đại học Đà Nẵng
LEADER 01029cam a2200349 i 4500
001 000048119
003 7822
005 20041027111629.0
008 010320b1989 vm 000 eng
020 |a 0335092152 
040 |a IRC  |c IRC  |d IRC 
041 0 |a eng 
082 1 4 |a 374.942  |b RO-J 
100 1 |a Rogers, Jennifer. 
245 1 0 |a Adults learning /  |c Jenny Rogers. 
250 |a 3rd ed. 
260 |a Milton Keynes :  |b Open University Press,  |c 1989. 
300 |a 199 p. ;  |c 20 cm. 
520 3 |a Being a learner. What makes adults want to learn? How do adults learn? Giving feedback. Understanding your group. Teaching mixed ability groups. The first session. Lectures and demonstrations... 
630 0 4 |a Education. 
630 0 4 |a Adult education. 
650 0 4 |a Education, Adult. 
OWN |a DUT 
999 |a From the UDN01 
TYP |a Monograph 
TYP |a Printed language 
980 |a Mạng thư viện Đại học Đà Nẵng